| 000 | 00619nam a2200181 4500 | ||
|---|---|---|---|
| 001 | 136475 | ||
| 003 | ES-MaACL | ||
| 005 | 20240825063038.0 | ||
| 007 | t| | ||
| 008 | 070214s1953 sp r ||||1| spa d | ||
| 100 | 1 |
_aRussell, Bertrand, _d1872-1970 _9101033 |
|
| 245 | 1 | 0 |
_aElogio de la ociosidad _b: ; y otros ensayos / _cBertrand Russell ; traducción del inglés y nota bibliográfica por Juan Novella Domingo. |
| 260 |
_aMadrid : _bAguilar, _c1953. |
||
| 300 |
_a229 p. ; _c22 cm. |
||
| 700 | 1 |
_aNovella Domingo, Juan. _986074 |
|
| 852 |
_aES-MaACL _jD-9148 _bR.33486 |
||
| 999 |
_c136475 _d136475 |
||